000 00421nam a2200145Ia 4500
008 230917s9999||||xx |||||||||||||| ||und||
040 _e165772
_aMAIN
041 _aEnglish
082 _a891.433721 GB959N
100 _aगुप्त, भैरवप्रसाद
245 0 _aनौजवान
260 _aइलाहाबाद
_bरचना प्रकाशन
_c1972
300 _a208 p.
942 _cHN
999 _c107390
_d107390